<?xml version="1.0" encoding="UTF-8"?>
<record
    xmlns:xsi="http://www.w3.org/2001/XMLSchema-instance"
    xsi:schemaLocation="http://www.loc.gov/MARC21/slim http://www.loc.gov/standards/marcxml/schema/MARC21slim.xsd"
    xmlns="http://www.loc.gov/MARC21/slim">

  <leader>00775nam a2200169Ia 4500</leader>
  <controlfield tag="001">IA_4559,18/08/2011,18/08/2011,0000001962                          mx n   0000000000spa00,"</controlfield>
  <controlfield tag="008">220117s    xx            000 0 und d</controlfield>
  <datafield tag="010" ind1=" " ind2=" ">
    <subfield code="a">183981</subfield>
  </datafield>
  <datafield tag="082" ind1=" " ind2=" ">
    <subfield code="a">338.1 I54 1962</subfield>
  </datafield>
  <datafield tag="110" ind1=" " ind2=" ">
    <subfield code="a">Instituto Latinoamericano de Planificaci&#xF3;n Econ&#xF3;mica y Social</subfield>
    <subfield code="9">59245</subfield>
  </datafield>
  <datafield tag="245" ind1=" " ind2=" ">
    <subfield code="a">Informe del grupo de expertos FAO : cealo sobre algunos aspectos de la planificaci&#xF3;n agr&#xED;cola en el Asia y Lejano Oriente  /</subfield>
    <subfield code="c"> Instituto Latinoamericano de Planificaci&#xF3;n Econ&#xF3;mica y Social</subfield>
  </datafield>
  <datafield tag="260" ind1=" " ind2=" ">
    <subfield code="a">M&#xE9;xico  :</subfield>
    <subfield code="b">ENA,</subfield>
  </datafield>
  <datafield tag="300" ind1=" " ind2=" ">
    <subfield code="a">93 p.</subfield>
  </datafield>
  <datafield tag="440" ind1=" " ind2=" ">
    <subfield code="a">Apuntes</subfield>
    <subfield code="9">6382</subfield>
  </datafield>
  <datafield tag="650" ind1=" " ind2=" ">
    <subfield code="a">Econom&#xED;a Agr&#xED;cola</subfield>
    <subfield code="9">147023</subfield>
  </datafield>
  <datafield tag="710" ind1=" " ind2=" ">
    <subfield code="a">Instituto Latinoamericano de Planificaci&#xF3;n Econ&#xF3;mica y Social</subfield>
    <subfield code="9">59245</subfield>
  </datafield>
  <datafield tag="999" ind1=" " ind2=" ">
    <subfield code="c">183981</subfield>
    <subfield code="d">183981</subfield>
  </datafield>
</record>
